[Event "POL-chT 2nd League"]
[Site "Jastrzebia Gora"]
[Date "2022.09.04"]
[Round "2.33"]
[White "Dlugosz, Jedrzej"]
[Black "Flak, Pawel"]
[Result "1/2-1/2"]
[WhiteElo "2342"]
[BlackElo "2190"]
[PlyCount "88"]
[EventDate "2022.09.03"]
[EventType "team-swiss"]
[EventRounds "9"]
[EventCountry "POL"]
[SourceTitle "CBM 210 Extra"]
[Source "ChessBase"]
[SourceDate "2022.11.30"]
[SourceVersion "1"]
[SourceVersionDate "2022.11.30"]
[SourceQuality "1"]
[WhiteTeam "Gdansk Korona"]
[BlackTeam "Plock Hetman"]
[WhiteTeamCountry "POL"]
[BlackTeamCountry "POL"]

1. e4 Nf6 2. e5 Nd5 3. d4 d6 4. Nf3 Bg4 5. Be2 e6 6. 0-0 Be7 7. c4 Nb6 8. Nc3 0-0 9. Be3 Nc6 10. exd6 cxd6 11. d5 Bxf3 12. Bxf3 Ne5 13. dxe6 fxe6 14. Bg4 Rf6 15. b3 Nxg4 16. Qxg4 Rg6 17. Qh3 Qc8 18. Rad1 Qc6 19. Ne2 d5 20. Nf4 Rf6 21. cxd5 Nxd5 22. Nxd5 exd5 23. Rc1 Qe6 24. Qxe6+ Rxe6 25. Rfd1 Rd8 26. Kf1 Rd7 27. Rd3 Bf6 28. Bxa7 Ra6 29. Be3 Rxa2 30. Rcd1 Rb2 31. Bc5 Kf7 32. b4 d4 33. Bxd4 Rxb4 34. Bxf6 Rxd3 35. Rxd3 Kxf6 36. Ke2 h6 37. Ke3 Ke5 38. Rd7 Rb3+ 39. Ke2 Kf6 40. g3 b5 41. Rd6+ Kf5 42. h4 g6 43. f3 h5 44. g4+ Ke5 1/2-1/2

[Event "POL-chT 2nd League"]
[Site "Jastrzebia Gora"]
[Date "2018.09.04"]
[Round "4.11"]
[White "Kumala, Aleksander"]
[Black "Dlugosz, Jedrzej"]
[Result "1/2-1/2"]
[WhiteElo "2197"]
[BlackElo "2367"]
[PlyCount "67"]
[EventDate "2018.09.01"]
[EventType "team-swiss"]
[EventRounds "9"]
[EventCountry "POL"]
[SourceTitle "CBM 186 Extra"]
[Source "ChessBase"]
[SourceDate "2018.08.24"]
[SourceVersion "1"]
[SourceVersionDate "2018.08.24"]
[SourceQuality "1"]
[WhiteTeam "Debica Gryf"]
[BlackTeam "Gdansk Korona"]
[WhiteTeamCountry "POL"]
[BlackTeamCountry "POL"]

1. d4 c5 2. c3 Nf6 3. Nf3 e6 4. Bf4 b6 5. e3 Bb7 6. Nbd2 Be7 7. h4 Nc6 8. Bd3 d6 9. Qe2 a6 10. Rd1 b5 11. Bg3 Qb6 12. a4 c4 13. Bc2 Na5 14. e4 b4 15. e5 dxe5 16. Nxe5 bxc3 17. bxc3 Qb2 18. Ndxc4 Qxc3+ 19. Kf1 Nxc4 20. Nxc4 Rc8 21. Bd3 Be4 22. Nd6+ Bxd6 23. Bxd6 Bxd3 24. Rxd3 Qa1+ 25. Rd1 Rc1 26. Rxc1 Qxc1+ 27. Qe1 Qxe1+ 28. Kxe1 Kd7 29. Be5 Rc8 30. Kd2 Ne4+ 31. Ke3 Nd6 32. Kd3 f6 33. Bxd6 Kxd6 34. Rb1 1/2-1/2

[Event "POL-chT 2nd League"]
[Site "Jastrzebia Gora"]
[Date "2018.09.02"]
[Round "2.79"]
[White "Kosiorek, Marek"]
[Black "Dlugosz, Jedrzej"]
[Result "0-1"]
[WhiteElo "2307"]
[BlackElo "2367"]
[PlyCount "100"]
[EventDate "2018.09.01"]
[EventType "team-swiss"]
[EventRounds "9"]
[EventCountry "POL"]
[SourceTitle "CBM 186 Extra"]
[Source "ChessBase"]
[SourceDate "2018.08.24"]
[SourceVersion "1"]
[SourceVersionDate "2018.08.24"]
[SourceQuality "1"]
[WhiteTeam "Siedlce KSz Skoczek"]
[BlackTeam "Gdansk Korona"]
[WhiteTeamCountry "POL"]
[BlackTeamCountry "POL"]

1. d4 Nf6 2. Nf3 c5 3. c4 cxd4 4. Nxd4 e5 5. Nb5 d5 6. cxd5 Bc5 7. N5c3 0-0 8. e3 e4 9. Nd2 Qe7 10. a3 Rd8 11. b4 Bd6 12. Bb2 Be5 13. Qb3 Bf5 14. h3 Nbd7 15. Nc4 Bb8 16. Rd1 Nf8 17. Rd2 Ng6 18. Qd1 b6 19. Nb5 Qe8 20. Bxf6 gxf6 21. Qh5 Ne7 22. Nc3 b5 23. Na5 a6 24. Nc6 Bg6 25. Nxe7+ Qxe7 26. Qd1 f5 27. g3 Be5 28. Qb3 Bh5 29. Be2 Rac8 30. Nd1 Bxe2 31. Rxe2 Rc4 32. Rd2 Qb7 33. d6 Qc6 34. 0-0 Rxd6 35. Rxd6 Qxd6 36. f4 exf3 37. Rxf3 Bxg3 38. Kg2 Be5 39. Qb1 Qg6+ 40. Kh1 f4 41. Qxg6+ hxg6 42. exf4 Rxf4 43. Re3 Rf1+ 44. Kg2 Rxd1 45. Rxe5 Rd2+ 46. Kg1 Rd3 47. a4 bxa4 48. Kg2 Rb3 49. Ra5 Rxb4 50. Rxa6 Kg7 0-1

[Event "POL-ch rapid"]
[Site "Zgierz"]
[Date "2018.03.04"]
[Round "3"]
[White "Dlugosz, Jedrzej"]
[Black "Kaczmarek, Arkadiusz"]
[Result "1/2-1/2"]
[WhiteElo "2367"]
[BlackElo "1973"]
[PlyCount "98"]
[EventDate "2018.03.04"]
[EventType "swiss (rapid)"]
[EventRounds "9"]
[EventCountry "POL"]
[SourceTitle "CBM 183 Extra"]
[Source "ChessBase"]
[SourceDate "2018.04.19"]
[SourceVersion "1"]
[SourceVersionDate "2018.04.19"]
[SourceQuality "1"]

1. e4 d5 2. exd5 Nf6 3. Nc3 Nxd5 4. Bc4 Nb6 5. Bb3 Nc6 6. Nf3 Bf5 7. d4 e6 8. 0-0 Be7 9. a4 a5 10. h3 0-0 11. Nb5 Bf6 12. Bf4 Rc8 13. c3 h6 14. Bh2 Re8 15. Re1 Re7 16. Qe2 Rd7 17. Rad1 Nd5 18. Nd2 b6 19. Ne4 Be7 20. Qf3 Bg6 21. c4 Ndb4 22. d5 exd5 23. cxd5 Bxe4 24. Qxe4 Nb8 25. Na7 N8a6 26. Nxc8 Qxc8 27. d6 cxd6 28. Qg4 Qd8 29. Be5 Bf8 30. Bf6 Qc8 31. Rxd6 Rc7 32. Rd8 Qxg4 33. hxg4 gxf6 34. Ree8 f5 35. Rxf8+ Kg7 36. Rg8+ Kf6 37. Rd6+ Ke5 38. Rxb6 Nc5 39. Rb5 Kf6 40. Bd1 Nbd3 41. Rb6+ Ke5 42. Re8+ Ne6 43. Rb5+ Kf6 44. Rxf5+ Kg7 45. Be2 Ndc5 46. Bb5 Nd4 47. Rd5 Nde6 48. g3 Ne4 49. Ra8 Rc1+ 1/2-1/2

[Event "POL-chT 2nd League"]
[Site "Miedzyzdroje"]
[Date "2009.09.18"]
[Round "7"]
[White "Dlugosz, Jedrzej"]
[Black "Mikrut, Dariusz"]
[Result "1/2-1/2"]
[WhiteElo "2370"]
[BlackElo "2404"]
[PlyCount "28"]
[EventDate "2009.09.12"]
[EventType "team-swiss"]
[EventRounds "9"]
[EventCountry "POL"]
[SourceTitle "EXT 2019"]
[Source "ChessBase"]
[SourceDate "2018.10.10"]
[SourceVersion "1"]
[SourceVersionDate "2018.10.10"]
[SourceQuality "1"]
[WhiteTeam "Gdanski Drapol Jantar Pruszcz"]
[BlackTeam "Krakow TKKF Drogowiec"]
[WhiteTeamCountry "POL"]
[BlackTeamCountry "POL"]

1. e4 c5 2. Nf3 d6 3. d4 cxd4 4. Nxd4 Nf6 5. Nc3 g6 6. Be3 Bg7 7. f3 a6 8. Bc4 b5 9. Bb3 Nbd7 10. Qd2 Bb7 11. Bh6 Bxh6 12. Qxh6 Nc5 13. 0-0-0 e5 14. Nde2 Nxb3+ 1/2-1/2

[Event "POL-chT 2nd League"]
[Site "Miedzyzdroje"]
[Date "2009.09.15"]
[Round "4"]
[White "Gumula, Daniel"]
[Black "Dlugosz, Jedrzej"]
[Result "0-1"]
[WhiteElo "2347"]
[BlackElo "2370"]
[PlyCount "120"]
[EventDate "2009.09.12"]
[EventType "team-swiss"]
[EventRounds "9"]
[EventCountry "POL"]
[SourceTitle "EXT 2019"]
[Source "ChessBase"]
[SourceDate "2018.10.10"]
[SourceVersion "1"]
[SourceVersionDate "2018.10.10"]
[SourceQuality "1"]
[WhiteTeam "Jaworzno JKSz MCKiS"]
[BlackTeam "Gdanski Drapol Jantar Pruszcz"]
[WhiteTeamCountry "POL"]
[BlackTeamCountry "POL"]

1. Nf3 Nf6 2. c4 c6 3. Nc3 d5 4. e3 e6 5. Qc2 Nbd7 6. d4 Bd6 7. Bd3 dxc4 8. Bxc4 0-0 9. 0-0 a6 10. a4 c5 11. dxc5 Bxc5 12. h3 Qc7 13. b3 b6 14. Bb2 Bb7 15. Rac1 Bd6 16. Qe2 Bxf3 17. gxf3 Ne5 18. Bxa6 Rxa6 19. f4 Qb7 20. fxe5 Bxe5 21. f4 Bd6 22. Qg2 Qxg2+ 23. Kxg2 Bc5 24. Kf3 Rd8 25. Rfd1 Raa8 26. Nb5 Kf8 27. Be5 Ke7 28. Rxd8 Rxd8 29. Nd4 Ra8 30. b4 Bxd4 31. Bxd4 Rxa4 32. Bxb6 Nd7 33. Ba5 Ra3 34. Ke4 Nf6+ 35. Kd4 Nd5 36. e4 Nxf4 37. Rc7+ Kf6 38. Ra7 Ne2+ 39. Kc5 Rc3+ 40. Kb6 Nd4 41. Rd7 e5 42. Ka6 Rxh3 43. Bb6 Ra3+ 44. Kb7 Rb3 45. Bc5 Nc2 46. Rd6+ Kg5 47. Rb6 Na3 48. Bf8 Kf4 49. Bxg7 Kxe4 50. Rf6 Rxb4+ 51. Kc6 Rc4+ 52. Kb6 Rc8 53. Kb7 Rc2 54. Rxf7 h5 55. Bxe5 Kxe5 56. Rf3 h4 57. Rh3 Rc4 58. Rxa3 Kf4 59. Kb6 Kg4 60. Kb5 Rc2 0-1

[Event "Lienz op 15th"]
[Site "Lienz"]
[Date "2009.02.13"]
[Round "8"]
[White "Dlugosz, Jedrzej"]
[Black "Corvi, Marco"]
[Result "1/2-1/2"]
[WhiteElo "2315"]
[BlackElo "2319"]
[PlyCount "33"]
[EventDate "2009.02.07"]
[EventType "swiss"]
[EventRounds "9"]
[EventCountry "AUT"]
[SourceTitle "CBM 128 Extra"]
[Source "ChessBase"]
[SourceDate "2009.03.05"]
[SourceVersion "2"]
[SourceVersionDate "2009.03.25"]
[SourceQuality "1"]

1. e4 Nf6 2. e5 Nd5 3. d4 d6 4. Nf3 dxe5 5. Nxe5 g6 6. Bc4 c6 7. Nd2 Bg7 8. Ndf3 0-0 9. 0-0 Nd7 10. Re1 Nxe5 11. Nxe5 Be6 12. Bb3 Nc7 13. c4 a5 14. Bf4 a4 15. Bxa4 Bxe5 16. Bxe5 Bxc4 17. Bb3 1/2-1/2

[Event "Lienz op 15th"]
[Site "Lienz"]
[Date "2009.02.12"]
[Round "7"]
[White "Kilgus, Georg"]
[Black "Dlugosz, Jedrzej"]
[Result "1/2-1/2"]
[WhiteElo "2349"]
[BlackElo "2315"]
[PlyCount "37"]
[EventDate "2009.02.07"]
[EventType "swiss"]
[EventRounds "9"]
[EventCountry "AUT"]
[SourceTitle "CBM 128 Extra"]
[Source "ChessBase"]
[SourceDate "2009.03.05"]
[SourceVersion "2"]
[SourceVersionDate "2009.03.25"]
[SourceQuality "1"]

1. d4 g6 2. c4 Nf6 3. g3 Bg7 4. Bg2 0-0 5. Nc3 d6 6. Nf3 Nbd7 7. 0-0 e5 8. e4 exd4 9. Nxd4 Re8 10. h3 a5 11. Be3 c6 12. Qc2 Nc5 13. Rad1 Nfd7 14. Rfe1 a4 15. f4 Qb6 16. Bf2 Qb4 17. Bf1 Nb6 18. Qc1 Qa5 19. Rd2 1/2-1/2

[Event "Lienz op 15th"]
[Site "Lienz"]
[Date "2009.02.08"]
[Round "2"]
[White "Groiss, Karl"]
[Black "Dlugosz, Jedrzej"]
[Result "0-1"]
[WhiteElo "2049"]
[BlackElo "2315"]
[PlyCount "136"]
[EventDate "2009.02.07"]
[EventType "swiss"]
[EventRounds "9"]
[EventCountry "AUT"]
[SourceTitle "CBM 128 Extra"]
[Source "ChessBase"]
[SourceDate "2009.03.05"]
[SourceVersion "2"]
[SourceVersionDate "2009.03.25"]
[SourceQuality "1"]

1. d4 Nf6 2. c4 g6 3. Nc3 Bg7 4. e4 d6 5. f3 0-0 6. Be3 Nbd7 7. Nh3 a6 8. Be2 c6 9. 0-0 b5 10. cxb5 axb5 11. a3 Nb6 12. Nf2 Be6 13. d5 cxd5 14. Bxb5 dxe4 15. fxe4 Nfd7 16. Rc1 Bc4 17. Bxc4 Nxc4 18. Qe2 Nde5 19. Nfd1 e6 20. Bf2 Qg5 21. Ne3 Rfc8 22. Kh1 Nxb2 23. Qxb2 Nd3 24. Qd2 Nxc1 25. Rxc1 Rxa3 26. Ncd1 Rxc1 27. Qxc1 Ra2 28. Qc8+ Bf8 29. Kg1 Qf4 30. Qc1 Bh6 31. Qc8+ Kg7 32. Qc3+ e5 33. Qe1 Ra1 34. Qc3 Ra4 35. Qd3 Rd4 36. Qc2 Qxe4 37. Qxe4 Rxe4 38. Kf1 f5 39. g3 Kf7 40. Kg2 Ke6 41. Kf3 d5 42. Nxd5 Rc4 43. N5e3 Rc1 44. Ke2 Bf8 45. Kd2 Rc8 46. Ke2 Bb4 47. Be1 Bxe1 48. Kxe1 e4 49. Ke2 Ke5 50. Nf2 Ra8 51. h4 Ra2+ 52. Ke1 Kd4 53. Nfd1 Ra5 54. Kd2 Ra2+ 55. Nc2+ Ke5 56. Nc3 Rb2 57. Ne2 Rb3 58. Ne1 h6 59. Ng2 g5 60. hxg5 hxg5 61. Kc2 Rf3 62. Ne1 Rf2 63. Kd2 f4 64. gxf4+ gxf4 65. Kd1 f3 66. Nc3 Kd4 67. Nb5+ Ke3 68. Nc3 Rf1 0-1

[Event "Ketrzyn op-A 11th"]
[Site "Ketrzyn"]
[Date "2008.12.29"]
[Round "6.1"]
[White "Dlugosz, Jedrzej"]
[Black "Budrewicz, Krzysztof"]
[Result "1/2-1/2"]
[WhiteElo "2315"]
[BlackElo "2356"]
[PlyCount "44"]
[EventDate "2008.12.27"]
[EventType "swiss"]
[EventRounds "9"]
[EventCountry "POL"]
[SourceTitle "EXT 2023"]
[Source "ChessBase"]
[SourceDate "2022.10.05"]
[SourceVersion "1"]
[SourceVersionDate "2022.10.05"]
[SourceQuality "1"]

1. e4 d5 2. exd5 Nf6 3. d4 Nxd5 4. Nf3 g6 5. Bc4 Bg7 6. 0-0 0-0 7. c3 Bg4 8. h3 Bxf3 9. Qxf3 c6 10. Re1 h6 11. Nd2 a5 12. a4 e6 13. Qg3 Nd7 14. Nf3 c5 15. h4 cxd4 16. Nxd4 Qc7 17. Qxc7 Nxc7 18. Nb5 Nxb5 19. Bxb5 Nb6 20. Bf4 Nd5 21. Bg3 Rfd8 22. Rad1 Bf8 1/2-1/2

[Event "Ketrzyn op-A 11th"]
[Site "Ketrzyn"]
[Date "2008.12.29"]
[Round "7.2"]
[White "Zielinski, Stanislaw"]
[Black "Dlugosz, Jedrzej"]
[Result "0-1"]
[WhiteElo "2111"]
[BlackElo "2315"]
[PlyCount "70"]
[EventDate "2008.12.27"]
[EventType "swiss"]
[EventRounds "9"]
[EventCountry "POL"]
[SourceTitle "EXT 2023"]
[Source "ChessBase"]
[SourceDate "2022.10.05"]
[SourceVersion "1"]
[SourceVersionDate "2022.10.05"]
[SourceQuality "1"]

1. e4 g6 2. d4 Bg7 3. c3 d6 4. Nf3 Nf6 5. Bd3 0-0 6. 0-0 Nc6 7. Qe2 e5 8. dxe5 Nxe5 9. Nxe5 dxe5 10. Bc4 Nh5 11. Na3 Qe7 12. Nc2 Nf4 13. Bxf4 exf4 14. Nb4 c6 15. Rad1 a5 16. Nd3 b5 17. Bb3 a4 18. Bc2 a3 19. bxa3 Rxa3 20. Bb3 Be6 21. Rb1 g5 22. Nb4 Bxb3 23. Rxb3 Rxb3 24. axb3 Bxc3 25. Nd3 Rd8 26. Rc1 b4 27. h4 h6 28. Rd1 Rd4 29. f3 c5 30. Kh2 Qd6 31. Nf2 g4 32. Rxd4 g3+ 33. Kh1 Qxd4 34. Nd3 Qf6 35. Qf1 Qxh4+ 0-1

[Event "Ketrzyn op-A 11th"]
[Site "Ketrzyn"]
[Date "2008.12.28"]
[Round "5.1"]
[White "Dlugosz, Jedrzej"]
[Black "Kempinski, Tomasz"]
[Result "1/2-1/2"]
[WhiteElo "2315"]
[BlackElo "2268"]
[PlyCount "20"]
[EventDate "2008.12.27"]
[EventType "swiss"]
[EventRounds "9"]
[EventCountry "POL"]
[SourceTitle "EXT 2023"]
[Source "ChessBase"]
[SourceDate "2022.10.05"]
[SourceVersion "1"]
[SourceVersionDate "2022.10.05"]
[SourceQuality "1"]

1. Nf3 d5 2. d4 g6 3. Bf4 Bg7 4. e3 Nf6 5. h3 0-0 6. c4 c6 7. Nc3 b6 8. Be2 Bb7 9. 0-0 Nbd7 10. Bh2 Rc8 1/2-1/2

[Event "Ketrzyn op-A 11th"]
[Site "Ketrzyn"]
[Date "2008.12.27"]
[Round "1.3"]
[White "Dlugosz, Jedrzej"]
[Black "Komperda, Robert"]
[Result "1-0"]
[WhiteElo "2315"]
[BlackElo "1975"]
[PlyCount "57"]
[EventDate "2008.12.27"]
[EventType "swiss"]
[EventRounds "9"]
[EventCountry "POL"]
[SourceTitle "EXT 2023"]
[Source "ChessBase"]
[SourceDate "2022.10.05"]
[SourceVersion "1"]
[SourceVersionDate "2022.10.05"]
[SourceQuality "1"]

1. e4 e6 2. d4 d5 3. Nd2 dxe4 4. Nxe4 Nd7 5. Nf3 Ngf6 6. Bd3 c5 7. Nxc5 Nxc5 8. dxc5 Bxc5 9. Bg5 0-0 10. Qe2 Be7 11. 0-0-0 Nd5 12. Bxe7 Qxe7 13. Bxh7+ Kxh7 14. Rxd5 g6 15. Rhd1 Re8 16. R5d4 e5 17. Rh4+ Kg8 18. Qe3 Qf6 19. Re4 Bf5 20. Rxe5 Rec8 21. Nd4 Bd7 22. Kb1 a6 23. f4 b5 24. Re1 b4 25. f5 Re8 26. fxg6 fxg6 27. Nf3 Kg7 28. Qd4 Bc6 29. Re7+ 1-0

[Event "POL-chT 2nd League"]
[Site "Ustron"]
[Date "2008.09.11"]
[Round "6.14"]
[White "Dlugosz, Jedrzej"]
[Black "Kulesza, Mateusz"]
[Result "1/2-1/2"]
[WhiteElo "2340"]
[BlackElo "2280"]
[PlyCount "24"]
[EventDate "2008.09.06"]
[EventType "team-swiss"]
[EventRounds "9"]
[EventCountry "POL"]
[SourceTitle "EXT 2015"]
[Source "ChessBase"]
[SourceDate "2014.11.20"]
[SourceVersion "1"]
[SourceVersionDate "2014.11.20"]
[SourceQuality "1"]
[WhiteTeam "Gdanski Drapol Jantar Pruszcz"]
[BlackTeam "Gliwice Politechnika Slaska"]
[WhiteTeamCountry "POL"]
[BlackTeamCountry "POL"]

1. e4 e6 2. d4 d5 3. Nd2 Nf6 4. e5 Nfd7 5. f4 c5 6. c3 Nc6 7. Ndf3 cxd4 8. cxd4 f5 9. Bd3 a5 10. Ne2 a4 11. a3 Nb6 12. 0-0 Na5 1/2-1/2

[Event "POL-chT 2nd League"]
[Site "Ustron"]
[Date "2008.09.10"]
[Round "4.2"]
[White "Dlugosz, Jedrzej"]
[Black "Tomczak, Rafal"]
[Result "1/2-1/2"]
[WhiteElo "2340"]
[BlackElo "2350"]
[PlyCount "103"]
[EventDate "2008.09.06"]
[EventType "team-swiss"]
[EventRounds "9"]
[EventCountry "POL"]
[SourceTitle "EXT 2015"]
[Source "ChessBase"]
[SourceDate "2014.11.20"]
[SourceVersion "1"]
[SourceVersionDate "2014.11.20"]
[SourceQuality "1"]
[WhiteTeam "Gdanski Drapol Jantar Pruszcz"]
[BlackTeam "Ostroda Ostrodzianka"]
[WhiteTeamCountry "POL"]
[BlackTeamCountry "POL"]

1. e4 c5 2. Nf3 d6 3. d4 cxd4 4. Nxd4 Nf6 5. Nc3 a6 6. Be3 e5 7. Nb3 Be6 8. f3 Nbd7 9. g4 Qc7 10. Qd2 Be7 11. 0-0-0 b5 12. g5 Nh5 13. Nd5 Bxd5 14. exd5 0-0 15. Na5 Nf4 16. Bxf4 exf4 17. Nc6 Bxg5 18. Rg1 Bf6 19. Qxf4 Kh8 20. Bd3 Ne5 21. Be4 Rae8 22. Qf5 Ng6 23. Qh5 Qb6 24. Kb1 Qf2 25. Rxg6 Qe2 26. Rc1 fxg6 27. Bxg6 h6 28. Bd3 Qg2 29. Qf5 Kg8 30. h4 Re3 31. h5 g6 32. Qxg6+ Qxg6 33. Bxg6 Rxf3 34. a3 Rg3 35. Nb4 a5 36. Nc6 Rg5 37. Rd1 Ra8 38. Re1 Kg7 39. Ne7 Bxe7 40. Rxe7+ Kg8 41. Rd7 Ra6 42. Rb7 b4 43. axb4 axb4 44. b3 Rg4 45. Kb2 Ra5 46. Bf7+ Kf8 47. Be6 Rh4 48. Rf7+ Ke8 49. Rh7 Rh1 50. Rb7 Rh4 51. Rh7 Rh1 52. Rb7 1/2-1/2

[Event "Ketrzyn op"]
[Site "Ketrzyn"]
[Date "2007.12.30"]
[Round "8"]
[White "Dzionk, Agata"]
[Black "Dlugosz, Jedrzej"]
[Result "0-1"]
[WhiteElo "1756"]
[BlackElo "2332"]
[PlyCount "76"]
[EventDate "2007.12.27"]
[EventType "swiss"]
[EventRounds "9"]
[EventCountry "POL"]
[SourceTitle "CBM 122 Extra"]
[Source "ChessBase"]
[SourceDate "2008.03.04"]
[SourceVersion "1"]
[SourceVersionDate "2008.03.04"]
[SourceQuality "1"]

1. e4 g6 2. d4 Bg7 3. Nc3 d6 4. Be3 a6 5. Nge2 b5 6. a3 Bb7 7. Qd2 Nd7 8. b4 c6 9. Ng3 Qc7 10. Rd1 h5 11. h4 Ngf6 12. Be2 Nb6 13. e5 Nfd5 14. exd6 exd6 15. Nxd5 Nxd5 16. 0-0 0-0 17. Bh6 Qe7 18. Rfe1 Rae8 19. Bf3 Qd8 20. Bxg7 Kxg7 21. Bxh5 Qxh4 22. Rxe8 Rxe8 23. Re1 Rh8 24. Re4 Qf6 25. Be2 Bc8 26. c4 bxc4 27. Bxc4 Nb6 28. Bb3 Rh4 29. Rxh4 Qxh4 30. Qe3 Bd7 31. Ne4 Qe7 32. Qf3 Be8 33. Ng3 Bd7 34. Ne4 Be6 35. Bxe6 Qxe6 36. Ng5 Qc4 37. Ne4 Qxd4 38. Ng5 Qc4 0-1

[Event "Ketrzyn op"]
[Site "Ketrzyn"]
[Date "2007.12.27"]
[Round "2"]
[White "Szacht, Egbert"]
[Black "Dlugosz, Jedrzej"]
[Result "0-1"]
[WhiteElo "2117"]
[BlackElo "2332"]
[PlyCount "60"]
[EventDate "2007.12.27"]
[EventType "swiss"]
[EventRounds "9"]
[EventCountry "POL"]
[SourceTitle "CBM 122 Extra"]
[Source "ChessBase"]
[SourceDate "2008.03.04"]
[SourceVersion "1"]
[SourceVersionDate "2008.03.04"]
[SourceQuality "1"]

1. d4 Nf6 2. c4 g6 3. Nc3 Bg7 4. e4 d6 5. Nf3 0-0 6. Be2 Na6 7. 0-0 e5 8. Re1 Nh5 9. d5 Nf4 10. Bf1 h6 11. Bxf4 exf4 12. e5 dxe5 13. Nxe5 Nc5 14. Qd2 Qg5 15. Nf3 Qf6 16. Rac1 g5 17. b4 Nd7 18. Ne4 Qg6 19. Nd4 Ne5 20. Nb5 Bf5 21. Nc5 b6 22. Nxc7 bxc5 23. Nxa8 Rxa8 24. bxc5 f3 25. d6 Rc8 26. Rxe5 Bxe5 27. Qd5 Qe6 28. d7 Rd8 29. c6 Bf4 30. g3 Bc7 0-1

[Event "Warsaw AIG Life rapid 7th"]
[Site "Warsaw"]
[Date "2007.12.15"]
[Round "8"]
[White "Dlugosz, Jedrzej"]
[Black "Dziuba, Marcin"]
[Result "0-1"]
[WhiteElo "2332"]
[BlackElo "2538"]
[PlyCount "74"]
[EventDate "2007.12.15"]
[EventType "swiss (rapid)"]
[EventRounds "13"]
[EventCountry "POL"]
[SourceTitle "CBM 121 Extra"]
[Source "ChessBase"]
[SourceDate "2008.01.10"]
[SourceVersion "1"]
[SourceVersionDate "2008.01.10"]
[SourceQuality "1"]

1. e4 c5 2. Nf3 e6 3. d4 cxd4 4. Nxd4 a6 5. Bd3 Bc5 6. Nb3 Ba7 7. Qe2 Nc6 8. Be3 d6 9. 0-0 Nge7 10. c4 Bxe3 11. Qxe3 e5 12. Nc3 0-0 13. Rfd1 a5 14. Na4 Be6 15. Bf1 Qc7 16. Rac1 Rad8 17. Nb6 Qb8 18. Nd5 a4 19. Na1 f5 20. Qg5 Ng6 21. exf5 Rxf5 22. Qe3 Rdf8 23. f3 Nf4 24. Nc2 Kh8 25. Nxf4 Rxf4 26. Bd3 Bxc4 27. Be4 Bxa2 28. Qd3 d5 29. Bxd5 Rd8 30. Qb5 Bxd5 31. Rxd5 Rxd5 32. Qxd5 Rf8 33. Ne3 Rd8 34. Qc5 Qc7 35. Nc4 h6 36. Qe3 Rd4 37. Rc2 Nb4 0-1

[Event "Pomorza-ch Seniors"]
[Site "Gdansk"]
[Date "2007.11.11"]
[Round "3.1"]
[White "Dlugosz, Jedrzej"]
[Black "Walkusz, Witoslaw"]
[Result "1/2-1/2"]
[WhiteElo "2332"]
[BlackElo "2158"]
[PlyCount "20"]
[EventDate "2007.11.10"]
[EventType "swiss"]
[EventRounds "9"]
[EventCountry "POL"]
[SourceTitle "EXT 2023"]
[Source "ChessBase"]
[SourceDate "2022.10.05"]
[SourceVersion "1"]
[SourceVersionDate "2022.10.05"]
[SourceQuality "1"]

1. e4 d6 2. Nf3 g6 3. d4 Bg7 4. Bd3 Nf6 5. 0-0 0-0 6. Nc3 c6 7. Re1 Nbd7 8. Bg5 e5 9. dxe5 Nxe5 10. Nxe5 dxe5 1/2-1/2

[Event "Pomorza-ch Seniors"]
[Site "Gdansk"]
[Date "2007.11.10"]
[Round "2.2"]
[White "Walkusz, Miroslaw"]
[Black "Dlugosz, Jedrzej"]
[Result "0-1"]
[WhiteElo "1998"]
[BlackElo "2332"]
[PlyCount "60"]
[EventDate "2007.11.10"]
[EventType "swiss"]
[EventRounds "9"]
[EventCountry "POL"]
[SourceTitle "EXT 2023"]
[Source "ChessBase"]
[SourceDate "2022.10.05"]
[SourceVersion "1"]
[SourceVersionDate "2022.10.05"]
[SourceQuality "1"]

1. d4 Nf6 2. c4 g6 3. Nc3 Bg7 4. e4 d6 5. Be2 0-0 6. Nf3 Qe8 7. Bg5 h6 8. Bh4 e5 9. d5 Nh5 10. Nd2 Nf4 11. Bf1 a5 12. f3 Na6 13. Bf2 f5 14. g3 Nh5 15. Bh3 Nc5 16. Bxc5 dxc5 17. 0-0 Qe7 18. Kh1 Qg5 19. Rg1 Nf6 20. Qe2 Qh5 21. Qg2 Ng4 22. Rae1 Qxh3 23. Qxh3 Nf2+ 24. Kg2 Nxh3 25. Kxh3 fxe4+ 26. Kg2 exf3+ 27. Nxf3 Bf5 28. Nxe5 Rae8 29. Nf3 Bxc3 30. bxc3 Be4 0-1

[Event "POL-chT 2nd League"]
[Site "Wysowa"]
[Date "2007.09.10"]
[Round "8"]
[White "Dlugosz, Jedrzej"]
[Black "Nguyen, Piotr"]
[Result "1-0"]
[WhiteElo "2316"]
[BlackElo "2283"]
[PlyCount "90"]
[EventDate "2007.09.03"]
[EventType "team-swiss"]
[EventRounds "9"]
[EventCountry "POL"]
[SourceTitle "EXT 2010"]
[Source "ChessBase"]
[SourceDate "2010.11.25"]
[SourceVersion "1"]
[SourceVersionDate "2010.11.25"]
[SourceQuality "1"]
[WhiteTeam "Gdanski Drapol Jantar Pruszcz"]
[BlackTeam "Milanowek UKS Jedwabnik"]
[WhiteTeamCountry "POL"]
[BlackTeamCountry "POL"]

1. e4 e6 2. d3 d5 3. Nd2 Nf6 4. Ngf3 Bc5 5. e5 Nfd7 6. d4 Bb6 7. Nb3 f6 8. exf6 Qxf6 9. Bg5 Qf7 10. Bd3 c5 11. dxc5 Nxc5 12. Nxc5 Bxc5 13. 0-0 Nc6 14. Bh4 Be7 15. Bxe7 Qxe7 16. Re1 0-0 17. c4 Qf6 18. Re2 Kh8 19. Qb3 a5 20. Rae1 a4 21. Qa3 Bd7 22. Qd6 Rad8 23. cxd5 Bc8 24. Qa3 exd5 25. Qxa4 d4 26. Nd2 Ne5 27. Qb5 Nxd3 28. Qxd3 Bf5 29. Qb5 d3 30. Re8 Bd7 31. Rxf8+ Rxf8 32. Qc5 Bc6 33. f3 Ra8 34. Re5 h6 35. a3 Qh4 36. Qe3 Rd8 37. Re7 Qf6 38. Qe5 Qg6 39. Re6 Qh7 40. Kf2 Bd7 41. Qc7 Qg8 42. Rd6 Qe8 43. Rxd3 Qe7 44. Ne4 Rc8 45. Qxd7 Rc2+ 1-0

[Event "POL-chT 2nd League"]
[Site "Wysowa"]
[Date "2007.09.08"]
[Round "5"]
[White "Dlugosz, Jedrzej"]
[Black "Babik, Tomasz"]
[Result "1-0"]
[WhiteElo "2316"]
[BlackElo "2264"]
[PlyCount "81"]
[EventDate "2007.09.03"]
[EventType "team-swiss"]
[EventRounds "9"]
[EventCountry "POL"]
[SourceTitle "EXT 2010"]
[Source "ChessBase"]
[SourceDate "2010.11.25"]
[SourceVersion "1"]
[SourceVersionDate "2010.11.25"]
[SourceQuality "1"]
[WhiteTeam "Gdanski Drapol Jantar Pruszcz"]
[BlackTeam "Miedzyborow Wrzos"]
[WhiteTeamCountry "POL"]
[BlackTeamCountry "POL"]

1. e4 c5 2. Nf3 Nc6 3. d4 cxd4 4. Nxd4 e5 5. Nb5 d6 6. g3 Be7 7. Bg2 f5 8. exf5 Bxf5 9. N1c3 a6 10. Na3 Nf6 11. 0-0 0-0 12. Nd5 Rc8 13. c3 Be6 14. Nc4 b5 15. Nce3 Kh8 16. b3 Nxd5 17. Nxd5 Bg5 18. Bxg5 Qxg5 19. Nb6 Rc7 20. Qxd6 Qe7 21. Rad1 Bg4 22. Bxc6 Bxd1 23. Rxd1 g6 24. Qxe7 Rxe7 25. Be4 Re6 26. Nd5 Rd6 27. c4 bxc4 28. bxc4 Rc6 29. Ne3 Rb6 30. Rd2 Rc8 31. Rc2 Rc5 32. Bd5 h5 33. Kg2 Kg7 34. Nd1 a5 35. Nb2 Rd6 36. Re2 Rc7 37. Rxe5 Rb6 38. Nd3 a4 39. c5 Rb1 40. c6 Rb5 41. Nf4 1-0